000 00882nam a2200253Ia 4500
003 OSt
005 20220923222850.0
006 a|||||r|||| 00| 0
007 ta
008 220922b |||||||| |||| 00| 0 hin d
024 _a208,528
037 _cTextual
040 _aARTS
_cARTS
_bhin
041 _2hin
_ahin
082 _aO152,3:g, M7
100 _aरणसुभे, सूर्य नारायण
245 0 _aदेश विभाजन और हिन्दी कथा साहित्य
246 _aDesh vibhājan aur hindī kathā sāhitya
260 _aकानपुर
_b संचयन प्रका0
_c1987
300 _a279पृ.
_ccm.
650 _aहिन्दी साहित्य
_9156264
942 _hO152,3:g, M7
_cTEXL
_2CC
999 _c359124
_d359124